000 00671nam a2200265Ia 4500
003 OSt
005 20220912151114.0
006 a|||||r|||| 00| 0
007 ta
008 220909b |||||||| |||| 00| 0 eng d
024 _a43389
037 _cTextual
040 _aCSL
_beng
_cCSL
041 _aeng
082 _aE9G:83, K4
100 _aMorris C J O R
245 0 _aSeparation methods in biochemistry
260 _aLondon
_bPitam
_c1974
300 _aviii,887p.
_ccm.
650 _a Biochemistry
650 _aChemistry
700 _a Morris P
942 _hE9G:83, K4
_cTEXL
_2CC
999 _c61358
_d61358